[Event "World Blitz Women 2017"]
[Site "Riyadh KSA"]
[Date "2017.12.29"]
[Round "6.31"]
[White "Huang, Qian"]
[Black "Ovod, Evgenija"]
[Result "1/2-1/2"]
[WhiteTitle "WGM"]
[BlackTitle "IM"]
[WhiteElo "2438"]
[BlackElo "2364"]
[WhiteFideId "8602689"]
[BlackFideId "4131827"]
[EventDate "2017.12.29"]

1. d4 d5 2. Nf3 Nf6 3. c4 e6 4. Nc3 c5 5. cxd5 Nxd5 6. e4 Nxc3 7. bxc3 cxd4 8.
cxd4 Bb4+ 9. Bd2 Bxd2+ 10. Qxd2 O-O 11. Be2 b6 12. O-O Bb7 13. Qe3 Nd7 14. a4
Nf6 15. Nd2 Qd7 16. f3 Rfd8 17. Nb3 Rac8 18. a5 h6 19. Rfd1 Rc2 20. Qd3 Rc7 21.
Rdc1 Rdc8 22. Rxc7 Rxc7 23. axb6 axb6 24. Rc1 Rxc1+ 25. Nxc1 Qa4 26. Qc4 Qa3 27.
Nd3 Ba6 28. Qc1 Qb3 29. Qd2 Bxd3 30. Qxd3 Qa2 31. Kf2 g5 32. Qc4 Qd2 33. Qd3 Qa2
34. Qc4 Qd2 35. Qd3 1/2-1/2

[Event "World Blitz Women 2017"]
[Site "Riyadh KSA"]
[Date "2017.12.29"]
[Round "6.32"]
[White "Rapport, Jovana"]
[Black "Hoolt, Sarah"]
[Result "0-1"]
[WhiteTitle "WGM"]
[BlackTitle "WGM"]
[WhiteElo "2299"]
[BlackElo "2405"]
[WhiteFideId "937266"]
[BlackFideId "24606812"]
[EventDate "2017.12.29"]

1. d4 Nf6 2. Nc3 d6 3. Bg5 Nbd7 4. Nf3 c6 5. h4 h6 6. Bf4 Qc7 7. Qd2 e5 8. Bg3
e4 9. Ng1 Qb6 10. O-O-O d5 11. e3 Bb4 12. f3 Qa5 13. Kb1 Bxc3 14. Qxc3 Qxc3 15.
bxc3 b5 16. a4 bxa4 17. Kc1 Nb6 18. Kd2 Be6 19. Ra1 Kd7 20. Ne2 g5 21. Nc1 g4
22. Be5 Ke7 23. Be2 Rhg8 24. Bxf6+ Kxf6 25. f4 h5 26. Na2 a5 27. c4 dxc4 28. Nc3
Kf5 29. Nxa4 Rgb8 30. Nc5 a4 31. Ra3 Nd5 32. Bxc4 Nxf4 33. Bf1 Nd5 34. Rxa4 Rxa4
35. Nxa4 Rb1 36. g3 Ra1 37. Nc5 Nb4 38. Bg2 Rxh1 39. Bxh1 Bd5 40. Kc3 Na2+ 41.
Kb2 Nb4 42. Bg2 Kg6 43. Nxe4 f5 44. Nc5 Bxg2 45. c4 Be4 46. Kc3 Na2+ 47. Kd2 0-1

[Event "World Blitz Women 2017"]
[Site "Riyadh KSA"]
[Date "2017.12.29"]
[Round "6.33"]
[White "Nguyen, Thi Mai Hung"]
[Black "Zatonskih, Anna"]
[Result "1-0"]
[WhiteTitle "WGM"]
[BlackTitle "IM"]
[WhiteElo "2321"]
[BlackElo "2452"]
[WhiteFideId "12401676"]
[BlackFideId "14101572"]
[EventDate "2017.12.29"]

1. d4 d5 2. Bf4 Nf6 3. e3 c5 4. c3 Nc6 5. Nd2 Bf5 6. Qb3 Qc8 7. Ngf3 e6 8. Be2
Be7 9. O-O O-O 10. h3 c4 11. Qd1 h6 12. a4 a6 13. a5 Ne4 14. Nxe4 Bxe4 15. Nd2
Bh7 16. b3 cxb3 17. Nxb3 Qd7 18. c4 dxc4 19. Bxc4 Rfd8 20. Qe2 Bb4 21. Rfc1 Qe7
22. Bg3 Be4 23. Ra4 Bd5 24. e4 Bxc4 25. Qxc4 Bd6 26. Bxd6 Qxd6 27. Nc5 Qxd4 28.
Nxb7 Rdc8 29. Qxd4 Nxd4 30. Rxc8+ Rxc8 31. Rxd4 Rc7 32. Nd6 Rc5 33. Nb7 Rb5 34.
Rd7 g5 35. Nd6 Rxa5 36. Nxf7 h5 37. Nd8 Re5 38. f3 g4 39. hxg4 hxg4 40. Rd6 a5
41. Rxe6 Rc5 42. Rg6+ Kh7 43. Rxg4 a4 44. e5 a3 45. Ra4 Rc3 46. e6 Kg7 47. e7
Re3 48. Ra7 Kf6 49. Nc6 Kf7 50. Ra8 Re6 51. Rf8+ Kg7 52. e8=Q Rxe8 53. Rxe8 1-0

[Event "World Blitz Women 2017"]
[Site "Riyadh KSA"]
[Date "2017.12.29"]
[Round "6.34"]
[White "Mamedjarova, Zeinab"]
[Black "Khukhashvili, Sopiko"]
[Result "0-1"]
[WhiteTitle "WGM"]
[BlackTitle "IM"]
[WhiteElo "2363"]
[BlackElo "2312"]
[WhiteFideId "13401521"]
[BlackFideId "13602055"]
[EventDate "2017.12.29"]

1. d4 Nf6 2. Nf3 e6 3. e3 c5 4. Bd3 b6 5. Nbd2 Bb7 6. O-O Be7 7. b3 O-O 8. Bb2
d6 9. Qe2 a5 10. a3 Nc6 11. Rfd1 Qc7 12. Rac1 a4 13. Bb5 axb3 14. cxb3 Na7 15.
Bd3 Nc6 16. Nf1 e5 17. Ng3 Rfe8 18. dxe5 dxe5 19. Ng5 h6 20. N5e4 Nxe4 21. Bxe4
Bf8 22. Qg4 Na5 23. Rd7 Qc8 24. Rcd1 Bxe4 25. Nxe4 Re6 26. Qf5 Qe8 27. R1d3 Nxb3
28. Qf3 Nd4 29. exd4 exd4 30. Ng3 Re1+ 31. Nf1 Qxd7 32. Qxa8 Qb5 33. Qf3 Qxb2
34. h4 Qb1 35. Kh2 Rxf1 36. Rb3 Rh1+ 37. Kg3 Bd6+ 0-1

[Event "World Blitz Women 2017"]
[Site "Riyadh KSA"]
[Date "2017.12.29"]
[Round "6.35"]
[White "Gara, Anita"]
[Black "Zawadzka, Jolanta"]
[Result "0-1"]
[WhiteTitle "IM"]
[BlackTitle "WGM"]
[WhiteElo "2367"]
[BlackElo "2424"]
[WhiteFideId "709751"]
[BlackFideId "1122320"]
[EventDate "2017.12.29"]

1. e4 c5 2. b3 Nc6 3. Bb2 b6 4. Nc3 Bb7 5. g3 e6 6. Bg2 Nd4 7. Nge2 Nf6 8. O-O
Be7 9. e5 Nxe2+ 10. Nxe2 Bxg2 11. exf6 Bxf1 12. fxe7 Qxe7 13. Qxf1 O-O 14. Qh3
f6 15. Re1 Qf7 16. c4 Rfe8 17. Nf4 Re7 18. Qg4 Kh8 19. Qf3 Rae8 20. h4 d6 21. h5
Kg8 22. Kg2 Rd8 23. Qg4 Rde8 24. h6 g6 25. Qf3 e5 26. Nd5 Re6 27. d3 f5 28. Ne3
Qf8 29. Rh1 Rf6 30. Qd5+ Qf7 31. Qc6 f4 32. Nd5 Rfe6 33. Nc7 Rc8 34. Nxe6 Rxc6
35. Nd8 Qc7 36. Nxc6 Qxc6+ 37. f3 fxg3 38. Kxg3 Qd7 39. Re1 Qf5 40. Re4 Qg5+ 41.
Rg4 Qxh6 42. f4 Qh1 43. fxe5 Qg1+ 44. Kh3 Qf1+ 45. Kg3 Qxd3+ 46. Kh4 dxe5 47.
Bxe5 Qe2 48. Bf6 Qf2+ 49. Kh3 Qxf6 50. a3 Qf5 51. Kg3 Qd3+ 52. Kf4 Qxb3 53. Rg3
Qxc4+ 54. Kf3 Qd3+ 55. Kf4 Qd6+ 56. Kf3 c4 57. Rg2 Qd5+ 58. Kf2 Qxg2+ 59. Kxg2
c3 0-1

[Event "World Blitz Women 2017"]
[Site "Riyadh KSA"]
[Date "2017.12.29"]
[Round "6.36"]
[White "Belenkaya, Dina"]
[Black "Gu, Xiaobing"]
[Result "1-0"]
[WhiteTitle "WGM"]
[BlackTitle "WGM"]
[WhiteElo "2303"]
[BlackElo "2332"]
[WhiteFideId "24142654"]
[BlackFideId "8602611"]
[EventDate "2017.12.29"]

1. e4 c5 2. Nf3 d6 3. Bb5+ Nc6 4. O-O Bd7 5. Re1 Nf6 6. c3 a6 7. Bc4 b5 8. Bf1
Bg4 9. a4 Rb8 10. d4 cxd4 11. cxd4 d5 12. e5 Ne4 13. Nc3 Nxc3 14. bxc3 e6 15.
axb5 axb5 16. Ra6 Qc8 17. Ra2 Be7 18. Bd2 O-O 19. Qa1 Bxf3 20. gxf3 f6 21. f4
fxe5 22. fxe5 Qe8 23. Be3 Qh5 24. f4 b4 25. cxb4 Nxb4 26. Rg2 Rbc8 27. Rc1 Nc6
28. Qa4 Nb4 29. Rxc8 Rxc8 30. Qd7 Rf8 31. Qxe6+ Kh8 32. Bf2 1-0

[Event "World Blitz Women 2017"]
[Site "Riyadh KSA"]
[Date "2017.12.29"]
[Round "6.37"]
[White "Ordaz Valdes, Lisandra Teresa"]
[Black "Nakhbayeva, Guliskhan"]
[Result "0-1"]
[WhiteTitle "WGM"]
[BlackTitle "WGM"]
[WhiteElo "2414"]
[BlackElo "2314"]
[WhiteFideId "3506940"]
[BlackFideId "13704788"]
[EventDate "2017.12.29"]

1. d4 Nf6 2. c4 e6 3. Nf3 Bb4+ 4. Bd2 Qe7 5. g3 Bxd2+ 6. Qxd2 Nc6 7. Nc3 d5 8.
Bg2 O-O 9. O-O dxc4 10. e3 a6 11. Qe2 Na5 12. Ne5 Qb4 13. a3 Qb3 14. Ne4 Nd7 15.
Nd2 Qxb2 16. Rfb1 Qc2 17. Be4 Qc3 18. Rc1 Qb2 19. Rab1 Qxa3 20. Ndxc4 Nxc4 21.
Nxc4 Qe7 22. Bxb7 Rb8 23. Na5 Bxb7 24. Nxb7 Rfc8 25. Qxa6 h6 26. Qc6 Nf6 27. Nc5
Rxb1 28. Rxb1 Qd6 29. Qb7 Re8 30. Ra1 e5 31. Ra6 Qd8 32. dxe5 Qd1+ 33. Kg2 Rxe5 0-1

[Event "World Blitz Women 2017"]
[Site "Riyadh KSA"]
[Date "2017.12.29"]
[Round "6.38"]
[White "Sedina, Elena"]
[Black "Vo, Thi Kim Phung"]
[Result "0-1"]
[WhiteTitle "IM"]
[BlackTitle "WGM"]
[WhiteElo "2312"]
[BlackElo "2380"]
[WhiteFideId "812153"]
[BlackFideId "12401838"]
[EventDate "2017.12.29"]

1. e4 e6 2. d4 d5 3. e5 c5 4. c3 Nc6 5. Nf3 Qb6 6. Be2 Bd7 7. O-O cxd4 8. cxd4
Nge7 9. Nc3 Nf5 10. Na4 Qa5 11. Bd2 Qd8 12. Be3 Be7 13. Rc1 O-O 14. Nc5 Bc8 15.
Bd3 g6 16. a3 a5 17. g4 Nh4 18. Nxh4 Bxh4 19. f4 Be7 20. Kh1 f5 21. gxf5 gxf5
22. Rg1+ Kh8 23. Qh5 Qe8 24. Qh6 Qf7 25. Rg2 Rg8 26. Rxg8+ Qxg8 27. Rg1 Qf7 28.
Be2 Bf8 29. Qh4 Bg7 30. Bh5 Qf8 31. Bg6 h6 32. Bh5 b6 33. Nd3 Bd7 34. Nf2 Be8
35. Nh3 Ne7 36. Bxe8 Qxe8 37. Ng5 Ng8 38. Qh3 Rc8 39. Nf3 Qf7 40. Nh4 Ne7 41.
Qg2 Rg8 42. Ng6+ Nxg6 43. Qxg6 Qxg6 44. Rxg6 Re8 45. Rg1 Rc8 46. Rg6 Rc6 47. Rg1
Rc2 48. Rb1 Re2 49. Bg1 0-1

[Event "World Blitz Women 2017"]
[Site "Riyadh KSA"]
[Date "2017.12.29"]
[Round "6.39"]
[White "Munguntuul, Batkhuyag"]
[Black "Gvetadze, Sofio"]
[Result "0-1"]
[WhiteTitle "IM"]
[BlackTitle "IM"]
[WhiteElo "2397"]
[BlackElo "2289"]
[WhiteFideId "4900758"]
[BlackFideId "13601440"]
[EventDate "2017.12.29"]

1. e4 Nf6 2. e5 Nd5 3. d4 d6 4. Nf3 dxe5 5. Nxe5 c6 6. Be2 Nd7 7. Nf3 g6 8. c4
N5f6 9. Nc3 Bg7 10. O-O O-O 11. h3 Qc7 12. Re1 Re8 13. Bf1 Nf8 14. Ne5 Be6 15.
Bf4 Qb6 16. Na4 Qa5 17. Rb1 b5 18. Nc5 Bxc4 19. Bxc4 bxc4 20. Nxc6 Qxa2 21. Qc2
c3 22. Nb4 Qc4 23. bxc3 N6d7 24. Nxd7 Nxd7 25. Qd3 Qxd3 26. Nxd3 Nb6 27. Nc5
Rac8 28. Ra1 e5 29. Be3 Nd5 30. Rxa7 Nxc3 31. dxe5 Rxe5 32. Nd3 Ree8 33. Kh1 Nd5
34. Nf4 Nxf4 35. Rb1 Nd5 36. Rbb7 Rf8 37. Rd7 Nxe3 38. fxe3 Be5 39. Kg1 h5 40.
Kf2 Kg7 41. Kf3 Rc2 42. g4 h4 43. Ke4 Bf6 44. Rd5 Rh2 45. g5 Bd8 46. Ra8 Be7 47.
Ra7 Bb4 48. Rb5 Be1 49. Rb1 Bg3 50. Kf3 Rxh3 51. Kg4 Rh2 52. Rf1 Rf2 53. Rb1 Rf5
54. Rbb7 Re5 55. Rb3 Rfe8 56. Rbb7 Re4+ 57. Kh3 Rf8 58. Rb3 Bf2 59. Raa3 Rfe8
60. Kg2 Bxe3 61. Rb7 Bxg5 62. Rf3 Rf4 0-1

[Event "World Blitz Women 2017"]
[Site "Riyadh KSA"]
[Date "2017.12.29"]
[Round "6.40"]
[White "Zimina, Olga"]
[Black "Berend, Elvira"]
[Result "0-1"]
[WhiteTitle "IM"]
[BlackTitle "WGM"]
[WhiteElo "2415"]
[BlackElo "2303"]
[WhiteFideId "4132190"]
[BlackFideId "4000510"]
[EventDate "2017.12.29"]

1. Nf3 Nf6 2. c4 g6 3. Nc3 Bg7 4. e4 d6 5. d4 O-O 6. Be2 Bg4 7. Ng1 Bxe2 8.
Ngxe2 Nc6 9. O-O e5 10. Be3 Ng4 11. d5 Nxe3 12. fxe3 Nb8 13. b4 a5 14. a3 Bh6
15. Rf3 Na6 16. Rb1 axb4 17. axb4 Qe7 18. Qb3 Kh8 19. Rbf1 c5 20. Na2 cxb4 21.
Nxb4 Nc5 22. Qb1 Ra3 23. Nc2 Ra4 24. Qb5 Kg8 25. Nc3 Raa8 26. Qb6 Ra6 27. Qb1
Bg7 28. Nb4 Ra3 29. Nb5 Rb3 30. Qe1 Nxe4 31. Nc2 Rb2 32. Qc1 Ra2 33. Qb1 Raa8
34. Qb4 Rac8 35. Ra1 Bh6 36. Rff1 Nc5 37. Rfb1 Ra8 38. Na7 Qh4 39. Nb5 Qe7 40.
Qd2 Rxa1 41. Rxa1 Nb3 42. Qb4 Nxa1 43. Nxa1 Bxe3+ 44. Kf1 Qf6+ 45. Ke2 Qf2+ 46.
Kd3 e4+ 47. Kxe4 Bc5 48. Qa4 Re8+ 49. Kd3 Re3# 0-1

[Event "World Blitz Women 2017"]
[Site "Riyadh KSA"]
[Date "2017.12.29"]
[Round "6.41"]
[White "Galojan, Lilit"]
[Black "Vijayalakshmi, Subbaraman"]
[Result "0-1"]
[WhiteTitle "IM"]
[BlackTitle "IM"]
[WhiteElo "2300"]
[BlackElo "2357"]
[WhiteFideId "13301314"]
[BlackFideId "5004098"]
[EventDate "2017.12.29"]

1. c4 Nf6 2. Nc3 g6 3. e4 d6 4. d4 Bg7 5. f3 O-O 6. Be3 Nc6 7. Nge2 e5 8. d5 Ne7
9. Qd2 a6 10. g4 c6 11. a4 cxd5 12. cxd5 Bd7 13. a5 Ne8 14. Bb6 Qb8 15. h4 f5
16. exf5 gxf5 17. g5 Nc7 18. f4 Nb5 19. Kf2 Rc8 20. Rc1 Rc4 21. Nxb5 Bxb5 22.
Rxc4 Bxc4 23. Nc3 Bxf1 24. Kxf1 0-1

[Event "World Blitz Women 2017"]
[Site "Riyadh KSA"]
[Date "2017.12.29"]
[Round "6.42"]
[White "Doluhanova, Evgeniya"]
[Black "Zozulia, Anna"]
[Result "0-1"]
[WhiteTitle "WGM"]
[BlackTitle "IM"]
[WhiteElo "2352"]
[BlackElo "2316"]
[WhiteFideId "14112035"]
[BlackFideId "14102110"]
[EventDate "2017.12.29"]

1. e4 c5 2. Nf3 Nc6 3. d4 cxd4 4. Nxd4 e5 5. Nb5 d6 6. N1c3 a6 7. Na3 Be7 8. Nc4
Nf6 9. Be3 O-O 10. Nb6 Rb8 11. Nxc8 Rxc8 12. Be2 b5 13. a3 Na5 14. O-O Nc4 15.
Bxc4 Rxc4 16. f3 Nh5 17. Nd5 Bg5 18. b3 Bxe3+ 19. Nxe3 Rc5 20. Nd5 Qg5 21. Qe2
Rxd5 22. f4 Nxf4 23. Rxf4 Qxf4 24. exd5 Qd4+ 25. Kh1 Qxa1+ 0-1

[Event "World Blitz Women 2017"]
[Site "Riyadh KSA"]
[Date "2017.12.29"]
[Round "6.43"]
[White "Bivol, Alina"]
[Black "Karavade, Eesha"]
[Result "0-1"]
[WhiteTitle "WGM"]
[BlackTitle "IM"]
[WhiteElo "2356"]
[BlackElo "2384"]
[WhiteFideId "4100123"]
[BlackFideId "5012600"]
[EventDate "2017.12.29"]

1. Nf3 d5 2. g3 g6 3. Bg2 Bg7 4. d4 Nf6 5. O-O O-O 6. Nbd2 c6 7. b3 Bf5 8. Bb2
Nbd7 9. c4 Ne4 10. Rc1 Qa5 11. a3 Rfe8 12. h3 Ndf6 13. b4 Qa6 14. cxd5 cxd5 15.
Nb3 b6 16. Ne5 Rac8 17. g4 Be6 18. f3 Nd6 19. g5 Nh5 20. e4 dxe4 21. d5 Bf5 22.
fxe4 Nxe4 23. Rxf5 Rxc1 24. Nxc1 gxf5 25. Qxh5 Bxe5 26. Bxe5 Qc4 27. Ne2 Qd3 28.
Qh6 Qe3+ 29. Kh2 Qxg5 30. Qxg5+ Nxg5 31. Nd4 e6 32. d6 Ne4 33. Nc6 Nxd6 34. Bxd6
a6 35. Kg3 f6 36. Kf4 Kf7 37. Bf3 Kg6 38. h4 e5+ 39. Ke3 f4+ 40. Kd3 Re6 41.
Be4+ f5 42. Ne7+ Rxe7 43. Bxe7 fxe4+ 44. Kxe4 Kh5 45. Kxe5 Kg4 46. Ke4 f3 47.
Ke3 Kg3 48. h5 f2 49. Bh4+ Kxh4 50. Kxf2 Kxh5 0-1

[Event "World Blitz Women 2017"]
[Site "Riyadh KSA"]
[Date "2017.12.29"]
[Round "6.44"]
[White "Arakhamia-Grant, Ketevan"]
[Black "Papp, Petra"]
[Result "1-0"]
[WhiteTitle "GM"]
[BlackTitle "WGM"]
[WhiteElo "2350"]
[BlackElo "2313"]
[WhiteFideId "13600168"]
[BlackFideId "739049"]
[EventDate "2017.12.29"]

1. e4 c5 2. Nc3 d6 3. g3 g6 4. Bg2 Bg7 5. d3 Nc6 6. f4 e6 7. Nf3 Nge7 8. O-O O-O
9. Be3 Nd4 10. Bf2 Rb8 11. e5 dxe5 12. fxe5 b6 13. Re1 Nxf3+ 14. Bxf3 Nf5 15.
Qd2 Bb7 16. Bxb7 Rxb7 17. Qf4 h5 18. Ne4 Qc7 19. Ng5 Qe7 20. Nf3 Bh6 21. Qe4 Rd7
22. Rad1 Rfd8 23. Rf1 Rd5 24. Kg2 b5 25. h3 Ng7 26. g4 hxg4 27. hxg4 f5 28. exf6
Qxf6 29. Rh1 g5 30. Rh3 Rf8 31. Rdh1 Nf5 32. gxf5 Re8 33. Rxh6 Qf7 34. Rh8+ Kg7
35. R1h7+ Kf6 36. Rxf7+ Kxf7 37. Nxg5+ Kf6 38. Rxe8 Rxf5 39. Rxe6+ Kxg5 40. Qh4# 1-0

[Event "World Blitz Women 2017"]
[Site "Riyadh KSA"]
[Date "2017.12.29"]
[Round "6.45"]
[White "Danielian, Elina"]
[Black "Assaubayeva, Bibisara"]
[Result "1-0"]
[WhiteTitle "GM"]
[BlackTitle "FM"]
[WhiteElo "2413"]
[BlackElo "2381"]
[WhiteFideId "13300210"]
[BlackFideId "13708694"]
[EventDate "2017.12.29"]

1. Nf3 Nf6 2. c4 g6 3. g3 Bg7 4. Bg2 O-O 5. O-O c5 6. Nc3 Nc6 7. d4 d6 8. dxc5
dxc5 9. Be3 b6 10. Ne5 Nxe5 11. Bxa8 Nxc4 12. Qxd8 Rxd8 13. Rad1 Bd7 14. Nd5
Rxa8 15. Nxf6+ Bxf6 16. Rxd7 Nxb2 17. Bh6 Nc4 18. Rfd1 Nd6 19. e4 Nxe4 20. Rd8+ 1-0

[Event "World Blitz Women 2017"]
[Site "Riyadh KSA"]
[Date "2017.12.29"]
[Round "6.46"]
[White "Kovanova, Baira"]
[Black "Albzoor, Anwar"]
[Result "1-0"]
[WhiteTitle "WGM"]
[BlackTitle "WFM"]
[WhiteElo "2367"]
[BlackElo "1595"]
[WhiteFideId "4164083"]
[BlackFideId "11500522"]
[EventDate "2017.12.29"]

1. Nf3 Nf6 2. c4 c5 3. Nc3 e6 4. g3 Be7 5. Bg2 O-O 6. O-O d5 7. cxd5 exd5 8. d4
Nc6 9. a3 a5 10. dxc5 Bxc5 11. Bg5 d4 12. Nb5 h6 13. Rc1 hxg5 14. Rxc5 Qb6 15.
Rxg5 Ne4 16. Qd3 Nxg5 17. Nxg5 g6 18. a4 Ne5 19. Qe4 Bf5 20. Qxe5 Rfe8 21. Qf4
Rxe2 22. Qh4 Kf8 23. Qh8+ Ke7 24. Qxa8 d3 25. Nc3 Rxb2 26. Nd5+ Kd7 27. Nxb6+
Rxb6 28. Qxa5 Rb2 29. Qd5+ Ke7 1-0

[Event "World Blitz Women 2017"]
[Site "Riyadh KSA"]
[Date "2017.12.29"]
[Round "7.1"]
[White "Dzagnidze, Nana"]
[Black "Lagno, Kateryna"]
[Result "1/2-1/2"]
[WhiteTitle "GM"]
[BlackTitle "GM"]
[WhiteElo "2522"]
[BlackElo "2547"]
[WhiteFideId "13601903"]
[BlackFideId "14109336"]
[EventDate "2017.12.29"]

1. d4 Nf6 2. Nf3 g6 3. b3 Bg7 4. Bb2 O-O 5. e3 d6 6. Be2 Nbd7 7. O-O Re8 8. c4
c6 9. Nc3 e5 10. dxe5 dxe5 11. Qc2 Qc7 12. Rad1 a5 13. Ba3 e4 14. Bd6 Qb6 15.
Ng5 Nc5 16. Bxc5 Qxc5 17. Ngxe4 Nxe4 18. Nxe4 Qe7 19. Nd6 Rd8 20. c5 Be5 21.
Nxc8 Raxc8 22. g3 Kg7 23. Rxd8 Rxd8 24. Rd1 Rxd1+ 25. Bxd1 Bf6 26. Be2 Qe5 27.
a4 Be7 28. Qd2 Qxc5 29. Qd7 b6 30. Bc4 Qd6 31. Qb7 Qc5 32. Qd7 Qd6 33. Qb7 Qc5
34. Qd7 1/2-1/2

[Event "World Blitz Women 2017"]
[Site "Riyadh KSA"]
[Date "2017.12.29"]
[Round "7.2"]
[White "Bodnaruk, Anastasia"]
[Black "Gunina, Valentina"]
[Result "0-1"]
[WhiteTitle "IM"]
[BlackTitle "GM"]
[WhiteElo "2428"]
[BlackElo "2510"]
[WhiteFideId "4181751"]
[BlackFideId "4167570"]
[EventDate "2017.12.29"]

1. e4 c6 2. d3 d5 3. Nd2 e5 4. Ngf3 Bd6 5. g3 Nf6 6. Bg2 O-O 7. O-O Nbd7 8. b3
Re8 9. Bb2 a5 10. c3 a4 11. Rb1 a3 12. Ba1 b6 13. Qc2 Ba6 14. Rfe1 Nc5 15. c4 d4
16. b4 Ne6 17. Rb3 Bb7 18. Reb1 Qe7 19. Nf1 Nd7 20. Qd2 Ra4 21. Ne1 g6 22. Nc2
Rea8 23. Qe2 c5 24. b5 Ndf8 25. Qd2 f5 26. Qe1 f4 27. Nd2 Ng5 28. h4 Nge6 29.
Nf3 Bc8 30. Bh3 Bd7 31. Qf1 Ng7 32. Qg2 Bxh3 33. Qxh3 Nfe6 34. g4 Qd7 35. Qg2
Nd8 36. Nh2 Nf7 37. f3 Be7 38. g5 Nh5 39. Ng4 Kg7 40. Qf2 Qe6 41. Qe1 R4a7 42.
Kf2 h6 43. gxh6+ Nxh6 44. Qg1 Bxh4+ 45. Ke2 Ng3+ 46. Kd2 Nxg4 47. fxg4 Qxg4 48.
Ne1 Nxe4+ 0-1

[Event "World Blitz Women 2017"]
[Site "Riyadh KSA"]
[Date "2017.12.29"]
[Round "7.3"]
[White "Goryachkina, Aleksandra"]
[Black "Paehtz, Elisabeth"]
[Result "1-0"]
[WhiteTitle "WGM"]
[BlackTitle "IM"]
[WhiteElo "2486"]
[BlackElo "2464"]
[WhiteFideId "4147103"]
[BlackFideId "4641833"]
[EventDate "2017.12.29"]

1. e4 c5 2. Nf3 d6 3. c3 Nf6 4. Be2 b6 5. O-O Bb7 6. d3 Nbd7 7. Nbd2 g6 8. d4
Nxe4 9. Nxe4 Bxe4 10. Ng5 Bb7 11. Bc4 d5 12. Qf3 f6 13. Ne6 Qc8 14. Bxd5 Bxd5
15. Qxd5 Rb8 16. Bf4 Rb7 17. Rfe1 c4 18. Bd6 b5 19. Ba3 Nb6 20. Qxb5+ Kf7 21.
Nc5 Rc7 22. b3 cxb3 23. Qxb3+ e6 24. Nxe6 Rc4 25. Nxf8 Rxf8 26. Bxf8 Kxf8 27. a4
Qc7 28. a5 Nd5 29. Qb5 Qc6 30. Qxc6 Rxc6 31. Rab1 Kg7 32. Rb7+ Kh6 33. Rxa7 Nxc3
34. h3 Nb5 35. Rd7 Rc4 36. Rb1 Nxd4 37. a6 Ra4 38. a7 Nc6 39. Rbb7 Kg5 40. Rdc7
Ne5 41. Rb8 Nd3 1-0

[Event "World Blitz Women 2017"]
[Site "Riyadh KSA"]
[Date "2017.12.29"]
[Round "7.4"]
[White "Cramling, Pia"]
[Black "Harika, Dronavalli"]
[Result "1-0"]
[WhiteTitle "GM"]
[BlackTitle "GM"]
[WhiteElo "2450"]
[BlackElo "2504"]
[WhiteFideId "1700030"]
[BlackFideId "5015197"]
[EventDate "2017.12.29"]

1. Nf3 Nf6 2. c4 e6 3. g3 d5 4. d4 dxc4 5. Qa4+ Bd7 6. Qxc4 Bc6 7. Bg2 Be7 8.
O-O O-O 9. Bg5 Nbd7 10. Nc3 h6 11. Bxf6 Nxf6 12. Rac1 Rc8 13. Rfd1 a6 14. Ne5
Bxg2 15. Kxg2 Nd5 16. e4 Nxc3 17. Qxc3 Bd6 18. Nd3 c6 19. Nc5 Qe7 20. e5 Bb8 21.
Qb4 Rc7 22. Qb6 f6 23. Qb3 Re8 24. Re1 Ba7 25. exf6 Qxf6 26. Nxe6 Rf7 27. Nf4
Rf8 28. Rc2 Qxd4 29. Re7 Qf6 30. Rxb7 Kh7 31. Rxf7 Rxf7 32. Qd3+ g6 33. Qe4 c5
34. Re2 Bb8 35. Nd5 Qd6 36. Qe6 Qxe6 37. Rxe6 a5 38. b3 Kg7 39. Rc6 Be5 40. Rxc5
Bd4 41. Rc7 Rxc7 42. Nxc7 Kf6 43. f4 g5 44. Kf3 Bc5 45. Nd5+ Kg6 46. Nc3 Bb4 47.
Ne2 h5 48. fxg5 Kxg5 49. Nd4 Bd6 50. h3 Kf6 51. Nc2 Be5 52. Ne3 Kg5 53. Nc4 Bc7
54. g4 hxg4+ 55. hxg4 Bd8 56. Nd6 Bb6 57. Ne4+ Kg6 58. Nc3 Kg5 59. a3 Bd8 60. b4
axb4 61. axb4 Be7 62. Nd5 Bd6 63. b5 Kg6 64. b6 Kf7 65. Ke4 Kg6 66. b7 Kf7 67.
Nb4 Kg6 68. Na6 Kg5 1-0

[Event "World Blitz Women 2017"]
[Site "Riyadh KSA"]
[Date "2017.12.29"]
[Round "7.5"]
[White "Lei, Tingjie"]
[Black "Mammadzada, Gunay"]
[Result "0-1"]
[WhiteTitle "GM"]
[BlackTitle "WGM"]
[WhiteElo "2528"]
[BlackElo "2333"]
[WhiteFideId "8605114"]
[BlackFideId "13403729"]
[EventDate "2017.12.29"]

1. d4 d5 2. c4 c6 3. Nf3 Nf6 4. e3 g6 5. Nbd2 Bg7 6. Be2 O-O 7. O-O e6 8. b3 b6
9. Bb2 Bb7 10. Rc1 Nbd7 11. Ne5 Nxe5 12. dxe5 Nd7 13. f4 f6 14. exf6 Nxf6 15.
Nf3 Qe7 16. h3 Rad8 17. Qc2 c5 18. Rfe1 Nh5 19. Ne5 Ng3 20. Bf3 g5 21. Ng4 Nf5
22. Bxg7 Qxg7 23. cxd5 exd5 24. Qf2 gxf4 25. exf4 Nd4 26. Bd1 Bc8 27. Rc3 Bf5
28. Ne5 Kh8 29. Rg3 Qf6 30. Rg5 Ne6 31. Rh5 Be4 32. Ng4 Qxf4 33. Qh4 Rd7 34. Bf3
Rdf7 35. Bxe4 dxe4 36. Kh1 Nd4 37. Rh6 Nf5 38. Qh5 Nxh6 39. Nxh6 Rg7 40. Ng4 Rg5
41. Qh4 h5 42. Rd1 Rf7 43. Rd8+ Kg7 44. Re8 Qf1+ 45. Kh2 Qf4+ 46. Kh1 0-1

[Event "World Blitz Women 2017"]
[Site "Riyadh KSA"]
[Date "2017.12.29"]
[Round "7.6"]
[White "Voit, Daria"]
[Black "Abdumalik, Zhansaya"]
[Result "0-1"]
[WhiteTitle "FM"]
[BlackTitle "IM"]
[WhiteElo "2390"]
[BlackElo "2449"]
[WhiteFideId "4182146"]
[BlackFideId "13703544"]
[EventDate "2017.12.29"]

1. d4 Nf6 2. c4 d6 3. Nf3 g6 4. Nc3 Bf5 5. Qb3 Qc8 6. h3 h5 7. Nh4 Bd7 8. e4 Bg7
9. Be3 b6 10. e5 dxe5 11. dxe5 Ng8 12. f4 Nh6 13. Be2 c5 14. Bf3 Nc6 15. O-O-O
Rb8 16. Rd2 Na5 17. Qc2 Nxc4 18. Rd3 Nxe3 19. Rxe3 Nf5 20. Nxf5 Bxf5 21. Be4
Bxe4 22. Qxe4 O-O 23. Nd5 Re8 24. e6 f5 25. Qf3 Qa6 26. Kb1 Qb5 27. Rb3 Qa4 28.
g4 c4 29. Rb4 Qa5 30. Rxc4 Rbd8 31. Rd1 hxg4 32. hxg4 b5 33. Rc7 Rxd5 34. Qxd5
Qxc7 35. gxf5 Qxf4 36. fxg6 Qf6 37. Qxb5 Qxg6+ 38. Ka1 Rf8 39. a3 Qg4 40. Rh1
Qf3 41. Rg1 Qxa3+ 42. Kb1 Qe3 43. Rxg7+ Kxg7 44. Qh5 Rf1+ 45. Ka2 Qxe6+ 0-1